LaLiga winners - Statistics

General Stats
  • This quiz has been taken 2,318 times
  • The average score is 83 of 88
Answer Stats
Year Team % Correct
1929 FC Barcelona
100%
1944-45 FC Barcelona
100%
1947-48 FC Barcelona
100%
1948-49 FC Barcelona
100%
1951-52 FC Barcelona
100%
1952-53 FC Barcelona
100%
1958-59 FC Barcelona
100%
1959-60 FC Barcelona
100%
1973-74 FC Barcelona
100%
1984-85 FC Barcelona
100%
1990-91 FC Barcelona
100%
1991-92 FC Barcelona
100%
1992-93 FC Barcelona
100%
1993-94 FC Barcelona
100%
1997-98 FC Barcelona
100%
1998-99 FC Barcelona
100%
2004-05 FC Barcelona
100%
2005-06 FC Barcelona
100%
2008-09 FC Barcelona
100%
2009-10 FC Barcelona
100%
2010-11 FC Barcelona
100%
2012-13 FC Barcelona
100%
2014-15 FC Barcelona
100%
2015-16 FC Barcelona
100%
2017-18 FC Barcelona
100%
2018-19 FC Barcelona
100%
1953-54 Real Madrid
100%
1954-55 Real Madrid
100%
1956-57 Real Madrid
100%
1957-58 Real Madrid
100%
1960-61 Real Madrid
100%
1961-62 Real Madrid
100%
1962-63 Real Madrid
100%
1963-64 Real Madrid
100%
1964-65 Real Madrid
100%
1966-67 Real Madrid
100%
1967-68 Real Madrid
100%
1968-69 Real Madrid
100%
1971-72 Real Madrid
100%
1974-75 Real Madrid
100%
1975-76 Real Madrid
100%
1977-78 Real Madrid
100%
1978-79 Real Madrid
100%
1979-80 Real Madrid
100%
1985-86 Real Madrid
100%
1986-87 Real Madrid
100%
1987-88 Real Madrid
100%
1988-89 Real Madrid
100%
1989-90 Real Madrid
100%
1994-95 Real Madrid
100%
1996-97 Real Madrid
100%
2000-01 Real Madrid
100%
2002-03 Real Madrid
100%
2006-07 Real Madrid
100%
2007-08 Real Madrid
100%
2011-12 Real Madrid
100%
2016-17 Real Madrid
100%
1949-50 Atlético Madrid
98%
1950-51 Atlético Madrid
98%
1965-66 Atlético Madrid
98%
1969-70 Atlético Madrid
98%
1972-73 Atlético Madrid
98%
1976-77 Atletico Madrid
98%
1995-96 Atlético Madrid
98%
2013-14 Atletico Madrid
98%
1939-40 Atletico Aviacion
89%
1940-41 Atletico Aviacion
89%
1941-42 Valencia CF
86%
1943-44 Valencia CF
86%
1946-47 Valencia CF
86%
1970-71 Valencia CF
86%
2001-02 Valencia CF
86%
2003-04 Valencia CF
86%
1945-46 Sevilla CF
83%
1929-30 Athletic Bilbao
77%
1930-31 Athletic Bilbao
77%
1933-34 Athletic Bilbao
77%
1935-36 Athletic Bilbao
77%
1942-43 Athletic Bilbao
77%
1955-56 Athletic Bilbao
77%
1982-83 Athletic Bilbao
77%
1983-84 Athletic Bilbao
77%
1931-32 Madrid CF
77%
1932-33 Madrid CF
77%
1934-35 Betis Balompié
73%
1980-81 Real Sociedad
70%
1981-82 Real Sociedad
70%
1999-00 RC Deportivo La Coruna
62%
No matching quizzes found
Score Distribution
Percent of People with Each Score
Percentile by Number Answered
Your Score History
You have not taken this quiz